Eleggibilità amministrativa dei professori delle università pareggiate. Parere

Guardado en:
Detalles Bibliográficos
Autor principal: Malgarini, Alessandro.
Formato: Libro
Lenguaje:italiano
Publicado: Parma Adorni 1889
Catálogo:EDISCO:  Resultados de Búsqueda del Catálogo
Clasificación de libros de texto:
Etiquetas: Agregar Etiqueta
Sin Etiquetas, Sea el primero en etiquetar este registro!
Añadido a:2016-04-30
Cambiado en:2017-10-18

MARC

LEADER 00000aam a22000007 4500
001 02224
003 OSt
005 20171018093513.0
008 160501s1889 it 000 0 ita
040 |c Gianfranco Bandini - Firenze - CLIO 
041 1 |a ita 
100 1 |a Malgarini, Alessandro. 
245 0 0 |a Eleggibilità amministrativa dei professori delle università pareggiate. Parere 
260 |a Parma  |b Adorni  |c 1889 
300 |a 14, 1/x ;  
901 |a 7 
942 |2 ddc  |c BK 
546 |a ita 
999 |c 2213  |d 2213 
999 |c edisco:2213  |d 2213